| 000 | 00878nam a22001575i 4500 | ||
|---|---|---|---|
| 001 | 171178 | ||
| 003 | ES-MaACL | ||
| 005 | 20230906214547.0 | ||
| 008 | 090504s1872 sp |||| | spa d | ||
| 100 | 1 |
_aGamayo, Angel. _9140009 |
|
| 245 | 1 | 0 |
_aRevista de Madrid _b: cuadros a la intemperie, bocetos al pastel, croquis al fresco, pasteles a la italiana, zurcidos en renglones cortos y largos con música ratonera y otros escesos, en un acto / _cy original de Angel Gamayo. |
| 260 |
_aMadrid : _b[s.n.], _c1872. |
||
| 300 |
_a24 p. ; _c18 cm. |
||
| 500 | _aEn port.: Impresa despues de haber obtenido durante ciento cinco representaciones consecutivas en Madrid con estraordinario éxito. | ||
| 852 |
_aES-MaACL _jF-8588(13) _z. - Enc. pasta española _q- Falto de la cub. original _z- Enc. en un vol. facticio formando parte de la col. facticia "Teatro español moderno", vol. 41 |
||
| 999 |
_c171178 _d171178 |
||